Normal view
MARC view
- Remigio, Winnie D.
Entry Personal Name
001 - CONTROL NUMBER
- control field: 60816
003 - CONTROL NUMBER IDENTIFIER
- control field: OSt
005 - DATE AND TIME OF LATEST TRANSACTION
- control field: 20240912091908.0
008 - FIXED-LENGTH DATA ELEMENTS
- fixed length control field: 240912|| aca||aabn | a|a d
040 ## - CATALOGING SOURCE
- Original cataloging agency: OSt
- Transcribing agency: OSt
100 ## - HEADING--PERSONAL NAME
- Personal name: Remigio, Winnie D.
- Relator term: author.
670 ## - SOURCE DATA FOUND
- Source citation: Work cat.: (OSt): Remigio, Winnie D. author., Report on a school paper advisers seminar/workshop /, January 2020.
